Mzdová politika, tvorba a čerpanie sociálneho fondu v konkrétnom podniku diplomová práca

Salvato in:
Dettagli Bibliografici
Autore principale: Danielová, Renáta
Ente Autore: Národohospodárska fakulta EU. Katedra sociálneho rozvoja a práce
Altri autori: Rievajová, Eva
Natura: Libro
Lingua:slovacco
Pubblicazione: Bratislava 2012
Tags: Aggiungi Tag
Nessun Tag, puoi essere il primo ad aggiungerne!!

MARC

LEADER 00000nbm a2200000 4500
001 0152180
005 20161109102017.3
041 0 |a slo 
044 |a SK 
245 1 0 |a Mzdová politika, tvorba a čerpanie sociálneho fondu v konkrétnom podniku  |b diplomová práca  |c Renáta Danielová ; školiteľ: Eva Rievajová 
264 1 |a Bratislava  |c 2012 
300 |a 63 s. 
100 1 |a Danielová, Renáta 
700 1 |a Rievajová, Eva 
710 2 |a Národohospodárska fakulta EU. Katedra sociálneho rozvoja a práce